World Capitals starting with C - Sudden Death - Statistics

General Stats
  • This quiz has been taken 91 times
  • The average score is 6 of 8
Answers on the Grid
Answers color-coded by a green-red scale on the quiz's grid according to % correct below.
Cape Town
Cleveland
Cali
Copenhagen
Chicago
Callao
Canberra
Chihuahua
Comoros
Constantine
Caracas
Can Tho
Cartagena
Chofu
Cagliari
Cairo
Citeureup
Ciutat Vella
Chengzihe
Conakry
Castries
Caraguatatuba
Chon Buri
Chisinau
Chauk
Calgary
Cádiz
Chengdu
 
Answer Stats
Answer % Correct
Copenhagen
95%
Canberra
91%
Cape Town
91%
Cairo
85%
Caracas
83%
Chisinau
69%
Conakry
61%
Castries
60%
No matching quizzes found
Score Distribution
Percent of People with Each Score
Percentile by Number Answered
Your Score History
You have not taken this quiz